[Event "Open Oberwart  2001"]
[Site "Oberwart (Burgenland/Austria)"]
[Date "2001.07.11"]
[Round "5"]
[White "Horvath, Peter"]
[Black "Palac, Mladen"]
[Result "0-1"]
[WhiteElo "2441"]
[BlackElo "2578"]
[PlyCount "86"]
[EventDate "2001.07.11"]

1. d4 Nf6 2. Nf3 d5 3. c4 e6 4. Nc3 Bb4 5. Bg5 dxc4 6. e4 c5 7. Bxc4 cxd4 8.
Nxd4 Qa5 9. Bb5+ Nbd7 10. Bxf6 Bxc3+ 11. bxc3 Qxc3+ 12. Kf1 gxf6 13. h4 a6 14.
Rh3 Qb4 15. Be2 O-O 16. Rc1 Kh8 17. Rg3 Ne5 18. Rb3 Qd6 19. Nf3 Qxd1+ 20. Bxd1
Nxf3 21. Rxf3 Bd7 22. Rc7 Bb5+ 23. Ke1 Rac8 24. Rxc8 Rxc8 25. Rxf6 Kg7 26. Rf3
Rc1 27. Kd2 Ra1 28. a3 Ra2+ 29. Kc1 Bc6 30. Rg3+ Kf6 31. Bc2 Ra1+ 32. Kd2 Rh1
33. Rf3+ Ke7 34. g3 Rf1 35. Rf4 f6 36. g4 Rg1 37. f3 h6 38. Bd1 e5 39. Rf5 Be8
40. g5 hxg5 41. hxg5 Rxg5 42. Rxg5 fxg5 43. Ke3 43... Kd6 {.} 0-1

[Event "Open Oberwart  2001"]
[Site "Oberwart (Burgenland/Austria)"]
[Date "2001.07.11"]
[Round "5"]
[White "Gagarin, Vasilij"]
[Black "Loginov, Valery"]
[Result "1/2-1/2"]
[WhiteElo "2431"]
[BlackElo "2507"]
[PlyCount "80"]
[EventDate "2001.07.11"]

1. d4 Nf6 2. Nf3 e6 3. c4 c5 4. d5 exd5 5. cxd5 g6 6. Nc3 d6 7. g3 Bg7 8. Bg2
O-O 9. O-O Na6 10. Nd2 Nc7 11. Nc4 Nfe8 12. a4 b6 13. e4 Ba6 14. Qb3 Bxc4 15.
Qxc4 a6 16. Bd2 Rb8 17. b4 b5 18. axb5 cxb4 19. Qxb4 Nxb5 20. Rab1 Nec7 21.
Nxb5 Nxb5 22. Qa4 Qb6 23. Be3 Qb7 24. Bh3 Rfe8 25. Rfc1 h5 26. Rc6 Qe7 27. Qxa6
Nc3 28. Rxb8 Rxb8 29. Rc8+ Rxc8 30. Qxc8+ Kh7 31. f3 Nxd5 32. Bf2 Nc3 33. Qc4
Qb7 34. Bf1 d5 35. exd5 Nxd5 36. Qe4 Qd7 37. Bc4 Nc7 38. Kg2 Ne6 39. f4 Nd4 40.
Bxd4 40... Qxd4 {.} 1/2-1/2

[Event "Open Oberwart  2001"]
[Site "Oberwart (Burgenland/Austria)"]
[Date "2001.07.11"]
[Round "5"]
[White "Zimmerman, Yuri"]
[Black "Farago, Ivan"]
[Result "1/2-1/2"]
[WhiteElo "2346"]
[BlackElo "2504"]
[PlyCount "127"]
[EventDate "2001.07.11"]

1. d4 Nf6 2. c4 e6 3. Nf3 b6 4. a3 Ba6 5. Qb3 Be7 6. d5 exd5 7. cxd5 c6 8. Nc3
cxd5 9. Nxd5 Nc6 10. Nxe7 Qxe7 11. Bg5 h6 12. Bxf6 Qxf6 13. e3 Bxf1 14. Kxf1
O-O 15. Rc1 Rac8 16. Qc3 Qf5 17. Ke2 Qb5+ 18. Qd3 Qxb2+ 19. Rc2 Qf6 20. Qxd7
Rfd8 21. Qb7 Qd6 22. Rd2 Qxa3 23. Rhd1 Rf8 24. Rd7 Qa4 25. Kf1 Rcd8 26. g3
Qxd1+ 27. Rxd1 Rxd1+ 28. Kg2 Rd6 29. Qc7 Rfd8 30. Qb7 R8d7 31. Qa6 Rc7 32. h4
Rd5 33. Qc4 Rc5 34. Qf4 Re7 35. Nd2 Ne5 36. Nb3 Rc6 37. Qf5 g6 38. Qe4 Rcc7 39.
h5 Nc6 40. Qg4 Kh7 41. hxg6+ fxg6 42. Qa4 Re5 43. Qf4 Rce7 44. Qc4 Na5 45. Nxa5
Rxa5 46. e4 Rae5 47. f3 b5 48. Qb4 a6 49. Qa5 R5e6 50. f4 Rb7 51. f5 gxf5 52.
exf5 Reb6 53. Qb4 a5 54. Qe4 Kg7 55. Qe5+ Kf7 56. Qd5+ Kf6 57. g4 b4 58. Qd4+
Kf7 59. Qd5+ Kg7 60. Qd4+ Rf6 61. Qd5 Rff7 62. Qe5+ Kh7 63. f6 b3 64. Qe4+ {.}
1/2-1/2

[Event "Open Oberwart  2001"]
[Site "Oberwart (Burgenland/Austria)"]
[Date "2001.07.11"]
[Round "5"]
[White "Rogulj, Branko"]
[Black "Balinov, Ilia"]
[Result "1/2-1/2"]
[WhiteElo "2460"]
[BlackElo "2425"]
[PlyCount "21"]
[EventDate "2001.07.11"]

1. e4 c5 2. Nc3 Nc6 3. g3 g6 4. Bg2 Bg7 5. d3 d6 6. f4 e6 7. Nf3 Nge7 8. O-O
O-O 9. Be3 b6 10. Bf2 Bb7 11. Qd2 {.} 1/2-1/2

[Event "Open Oberwart  2001"]
[Site "Oberwart (Burgenland/Austria)"]
[Date "2001.07.11"]
[Round "5"]
[White "Eingorn, Vereslav"]
[Black "Mahdy, Khaled"]
[Result "1-0"]
[WhiteElo "2598"]
[BlackElo "2348"]
[PlyCount "91"]
[EventDate "2001.07.11"]

1. d4 Nf6 2. Nf3 g6 3. c4 c5 4. Nc3 Bg7 5. e4 O-O 6. Be2 d6 7. O-O Na6 8. Re1
cxd4 9. Nxd4 Nc5 10. f3 Bd7 11. Be3 Rc8 12. Bf1 a6 13. Rc1 Re8 14. Qd2 Ne6 15.
Nb3 Bc6 16. Nd5 Nd7 17. Na5 Nd4 18. b4 e5 19. Nc3 Nf8 20. Ne2 Nfe6 21. Nb3
Nxe2+ 22. Bxe2 Re7 23. b5 Be8 24. a4 Rd7 25. Qd3 Nc5 26. Nxc5 dxc5 27. Qc2 Qh4
28. Rcd1 Bh6 29. Bf2 Qe7 30. Rd5 Rxd5 31. exd5 Qd6 32. Bd3 Bf4 33. Bg3 Bxg3 34.
hxg3 axb5 35. axb5 Bd7 36. g4 Qf6 37. Qd2 Re8 38. g5 Qd8 39. Be4 Qa8 40. d6 { }
40... Qa4 41. Bxb7 Qxc4 42. Bc6 Rd8 43. Bxd7 Rxd7 44. Rxe5 Rd8 45. b6 Qb5 46.
Qe3 1-0

[Event "Open Oberwart  2001"]
[Site "Oberwart (Burgenland/Austria)"]
[Date "2001.07.11"]
[Round "5"]
[White "Zsinka, Laszlo"]
[Black "Burmakin, Vladimir"]
[Result "0-1"]
[WhiteElo "2348"]
[BlackElo "2593"]
[PlyCount "128"]
[EventDate "2001.07.11"]

1. d4 d5 2. c4 e6 3. Nc3 c6 4. e4 dxe4 5. Nxe4 Bb4+ 6. Nc3 c5 7. a3 Bxc3+ 8.
bxc3 Nf6 9. Nf3 Qa5 10. Bd2 O-O 11. Bd3 Qc7 12. O-O b6 13. Bg5 Nbd7 14. Re1 Bb7
15. Ne5 cxd4 16. cxd4 Nxe5 17. Rxe5 Qc6 18. d5 exd5 19. cxd5 Qd6 20. Rf5 Ne8
21. Qe2 f6 22. Bf4 Qd7 23. d6 Nxd6 24. Rd1 24... Rfe8 { } 25. Qg4 Nxf5 26. Bxf5
Qf7 27. h4 Bc8 28. Bxc8 Raxc8 29. Rd7 Qg6 30. Qxg6 hxg6 31. Rxa7 b5 32. Rb7 Rc5
33. g3 Rd5 34. Ra7 Re4 35. Ra8+ Kh7 36. Ra6 Ra4 37. Rd6 Rxd6 38. Bxd6 Rd4 39.
Bc5 Rc4 40. Bd6 g5 41. hxg5 fxg5 42. Kf1 g4 43. Ke2 Rc3 44. Bb4 Rc4 45. Kd3 Kg6
46. Bf8 Kf7 47. Bb4 Ke6 48. Bf8 g6 49. Ke3 Kd5 50. Kd3 Rc7 51. Bh6 Ra7 52. Bc1
Rh7 53. Bd2 Rf7 54. Bf4 Ra7 55. Bc1 Ra8 56. Bb2 Ra4 57. Bc1 Rd4+ 58. Ke3 Re4+
59. Kd3 Re1 60. Bh6 Ra1 61. Bf8 Rb1 62. Ke3 Rb3+ 63. Ke2 Kc4 64. Kd2 Rf3 0-1

[Event "Open Oberwart  2001"]
[Site "Oberwart (Burgenland/Austria)"]
[Date "2001.07.11"]
[Round "5"]
[White "Dvoirys, Semen"]
[Black "Wukits, Rene"]
[Result "1/2-1/2"]
[WhiteElo "2578"]
[BlackElo "2269"]
[PlyCount "57"]
[EventDate "2001.07.11"]

1. e4 c5 2. Nf3 d6 3. d4 cxd4 4. Nxd4 Nf6 5. Nc3 g6 6. g3 Nc6 7. Nde2 Bg7 8.
Bg2 O-O 9. O-O Rb8 10. a4 a6 11. h3 b5 12. axb5 axb5 13. Bg5 Nd7 14. Qc1 Re8
15. Nd5 Nc5 16. Ra2 b4 17. b3 Ba6 18. Re1 Qc8 19. Qd2 Ne6 20. Be3 Bxe2 21. Qxe2
Ned4 22. Qd1 e6 23. Nf4 Qc7 24. Ne2 Nb5 25. Qd3 Rec8 26. Rd1 Bc3 27. f4 e5 28.
Kh2 Ncd4 29. Rf1 {.} 1/2-1/2

[Event "Open Oberwart  2001"]
[Site "Oberwart (Burgenland/Austria)"]
[Date "2001.07.11"]
[Round "5"]
[White "Dueckstein, Andreas"]
[Black "Cvitan, Ognjen"]
[Result "1/2-1/2"]
[WhiteElo "2316"]
[BlackElo "2555"]
[PlyCount "109"]
[EventDate "2001.07.11"]

1. e4 c5 2. Nf3 e6 3. c3 Nf6 4. e5 Nd5 5. d4 cxd4 6. cxd4 d6 7. Bc4 Nc6 8. O-O
Be7 9. Nbd2 dxe5 10. dxe5 O-O 11. Ne4 b6 12. Qe2 Qc7 13. Ng3 Rd8 14. Bd2 Bb7
15. Rac1 Rac8 16. a3 Qb8 17. Rfd1 Na5 18. Ba2 Rxc1 19. Rxc1 Rc8 20. Nh5 Rxc1+
21. Bxc1 Qc8 22. Qd1 g6 23. Nf4 Nc4 24. Qc2 b5 25. Nxd5 Bxd5 26. Bf4 Qc6 27.
Ne1 a5 28. Bb1 a4 29. Qc3 Be4 30. Ba2 h5 31. Bxc4 bxc4 32. h3 Qd5 33. Be3 Bd8
34. f3 Bb1 35. Kf2 Bc7 36. Bd4 h4 37. Qe3 Bf5 38. Ke2 Bd8 39. Bc3 Be7 40. Bd4
Kg7 41. Kf2 g5 42. Ke2 Kg6 43. Kf2 Qb5 44. Kg1 Bf8 45. f4 Be7 46. Nf3 g4 47.
hxg4 Bxg4 48. Ng5 Bf5 49. Ne4 Qb7 50. Nd2 Qd5 51. Kh1 Bd3 52. Qf2 Kg7 53. Bc3
Qc5 54. Qf3 Qd5 55. Qf2 {.} 1/2-1/2

[Event "Open Oberwart  2001"]
[Site "Oberwart (Burgenland/Austria)"]
[Date "2001.07.11"]
[Round "5"]
[White "Deutsch, Ludwig"]
[Black "Stanec, Nikolaus"]
[Result "0-1"]
[WhiteElo "2266"]
[BlackElo "2530"]
[PlyCount "48"]
[EventDate "2001.07.11"]

1. c4 e5 2. Nc3 Nc6 3. g3 d6 4. Bg2 Be6 5. d3 Qd7 6. e4 g6 7. h4 h6 8. a3 Bg7
9. Nge2 Nge7 10. Bd2 f5 11. Nd5 Nd8 12. Qc2 c6 13. Nxe7 Qxe7 14. Bc3 14... O-O
{ } 15. Bd2 fxe4 16. dxe4 Qf7 17. O-O-O Qxf2 18. Bf1 Bg4 19. Be1 Qe3+ 20. Bd2
Qf3 21. Rg1 Ne6 22. Nc3 Nd4 23. Qa4 Qf2 24. Rg2 Bxd1 0-1

[Event "Open Oberwart  2001"]
[Site "Oberwart (Burgenland/Austria)"]
[Date "2001.07.11"]
[Round "5"]
[White "Lalic, Bogdan"]
[Black "Medvegy, Zoltan"]
[Result "1/2-1/2"]
[WhiteElo "2528"]
[BlackElo "2430"]
[PlyCount "41"]
[EventDate "2001.07.11"]

1. d4 Nf6 2. c4 e6 3. Nf3 b6 4. g3 Ba6 5. b3 b5 6. cxb5 Bxb5 7. Bg2 d5 8. O-O
Be7 9. Ba3 Bxa3 10. Nxa3 Ba6 11. b4 Qd6 12. Rb1 Nbd7 13. Qc2 O-O 14. Rfc1 Rfc8
15. Bf1 Qb6 16. Qa4 c6 17. Rc2 Bb5 18. Qb3 Ne4 19. Rbc1 Nd6 20. e3 Bxf1 21.
Kxf1 {.} 1/2-1/2

[Event "Open Oberwart  2001"]
[Site "Oberwart (Burgenland/Austria)"]
[Date "2001.07.11"]
[Round "5"]
[White "Golubovic, Boris"]
[Black "Karner, Christoph"]
[Result "1-0"]
[WhiteElo "2465"]
[BlackElo "2240"]
[PlyCount "63"]
[EventDate "2001.07.11"]

1. d4 Nf6 2. Nf3 g6 3. Bg5 Bg7 4. Nbd2 c5 5. e3 cxd4 6. exd4 O-O 7. c3 d6 8.
Be2 h6 9. Bh4 Nc6 10. O-O Bd7 11. Re1 Rc8 12. Bd3 Qc7 13. Nc4 Nd5 14. a4 f5 15.
h3 Rce8 16. Qb3 Kh8 17. Bg3 f4 18. Bh2 g5 19. Kh1 Nf6 20. Rad1 Qc8 21. Bg6 Be6
22. Bxe8 Rxe8 23. Qa2 Bd5 24. b3 Bxf3 25. gxf3 Qxh3 26. Qe2 g4 27. fxg4 f3 28.
Qf1 Qh4 29. Nd2 Nxg4 30. Nxf3 { } 30... Nxf2+ 31. Kg2 Qh5 32. Qxf2 1-0

[Event "Open Oberwart  2001"]
[Site "Oberwart (Burgenland/Austria)"]
[Date "2001.07.11"]
[Round "5"]
[White "Rudolf, Herbert"]
[Black "Fercec, Nenad"]
[Result "0-1"]
[WhiteElo "2205"]
[BlackElo "2456"]
[PlyCount "80"]
[EventDate "2001.07.11"]

1. e4 c5 2. Nf3 d6 3. Bb5+ Nd7 4. d4 Ngf6 5. Nc3 a6 6. Bxd7+ Nxd7 7. O-O e6 8.
Bg5 f6 9. Be3 Be7 10. dxc5 dxc5 11. Nd2 O-O 12. a4 b6 13. Nc4 Bb7 14. f3 Bc6
15. Nd2 Bd6 16. Qe2 Qe8 17. Rfd1 Bc7 18. Qf2 f5 19. exf5 exf5 20. f4 Rf6 21.
Nf3 Rg6 22. h3 Re6 23. Re1 Qh5 24. Rad1 Rae8 25. Ng5 R6e7 26. Nd5 Bxd5 27. Rxd5
h6 28. Nf3 Nf6 29. Rdd1 Ne4 30. Qe2 Ng3 31. Qc4+ Kh7 32. Bd2 Ne2+ 33. Kh1 Re4
34. Qxa6 Qg6 35. Qd3 35... Bxf4 { } 36. Rxe2 Rxe2 37. Nh4 Rxd2 38. Qxd2 Qg3 39.
Nf3 Bxd2 40. Rxd2 Re1+ 0-1

[Event "Open Oberwart  2001"]
[Site "Oberwart (Burgenland/Austria)"]
[Date "2001.07.11"]
[Round "5"]
[White "Bannink, Bernard"]
[Black "Kupreichik, Viktor"]
[Result "1/2-1/2"]
[WhiteElo "2246"]
[BlackElo "2443"]
[PlyCount "65"]
[EventDate "2001.07.11"]

1. d4 Nf6 2. Nf3 e6 3. c4 d5 4. Nc3 Bb4 5. Qa4+ Nc6 6. Ne5 Bd7 7. Nxd7 Nxd7 8.
e3 dxc4 9. Bxc4 Nb6 10. Qb3 Nxc4 11. Qxc4 O-O 12. O-O Re8 13. Bd2 Qh4 14. h3 a6
15. Qb3 Rab8 16. Qc2 Rbd8 17. Rad1 Bf8 18. Bc1 Qh5 19. Rfe1 Rd7 20. Qe2 Qa5 21.
Bd2 e5 22. d5 Nb4 23. Qg4 Red8 24. Ne4 Qb6 25. d6 Kh8 26. Bxb4 Qxb4 27. dxc7
Rxc7 28. Rxd8 Qxe1+ 29. Kh2 Qb4 30. Nf6 Qe7 31. Re8 gxf6 32. Rxe7 Bxe7 33. Qd1
{ } 1/2-1/2

[Event "Open Oberwart  2001"]
[Site "Oberwart (Burgenland/Austria)"]
[Date "2001.07.11"]
[Round "5"]
[White "Noordhoek, Henk P"]
[Black "Dobrov, Vladimir"]
[Result "0-1"]
[WhiteElo "2122"]
[BlackElo "2409"]
[PlyCount "70"]
[EventDate "2001.07.11"]

1. e4 c5 2. Nf3 Nc6 3. c3 d5 4. exd5 Qxd5 5. d4 e6 6. Be3 cxd4 7. cxd4 Nf6 8.
a3 Be7 9. Nc3 Qd6 10. Qd2 O-O 11. Bf4 Qd8 12. Bc4 b6 13. O-O Na5 14. Ba2 Ba6
15. Rfd1 Nc4 16. Qc2 Rc8 17. Rac1 b5 18. Ne5 Nh5 19. Bb1 g6 20. Bh6 Re8 21. Qe2
Nd6 22. Ne4 Qb6 23. g4 Nxe4 24. gxh5 Nf6 25. hxg6 hxg6 26. Rxc8 Rxc8 27. Qd3 b4
28. Qh3 Bb7 29. Qd3 Be4 30. Qg3 30... Qb7 { } 31. d5 Nh5 32. Qg4 Bxb1 33. dxe6
Bf5 34. exf7+ Kh7 35. Qd4 Kxh6 0-1

[Event "Open Oberwart  2001"]
[Site "Oberwart (Burgenland/Austria)"]
[Date "2001.07.11"]
[Round "5"]
[White "Weiss, Christian"]
[Black "Nickl, Klaus"]
[Result "1-0"]
[WhiteElo "2403"]
[BlackElo "2233"]
[PlyCount "111"]
[EventDate "2001.07.11"]

1. c4 Nf6 2. Nc3 g6 3. g3 Bg7 4. Bg2 O-O 5. Nf3 d6 6. d4 Nc6 7. O-O a6 8. b3
Rb8 9. Bb2 b5 10. d5 Na5 11. cxb5 axb5 12. Nd4 b4 13. Na4 e5 14. dxe6 fxe6 15.
e4 c5 16. Nc2 c4 17. e5 Ne8 18. exd6 c3 19. Bc1 Qxd6 20. Be3 { } 20... Rb5 21.
Bc5 Qb8 22. Bxf8 Bxf8 23. Nd4 Rb7 24. Qe2 Ng7 25. Rfe1 Rd7 26. Rad1 Qa7 27. Qe5
Rf7 28. Qe3 Nc4 29. bxc4 Qxa4 30. Qe2 Bc5 31. Nf3 Rf8 32. Rf1 Nf5 33. g4 Ng7
34. Ne5 Qa7 35. Kh1 Qc7 36. f4 Ne8 37. Qe4 Nd6 38. Qd3 Bb7 39. Rde1 Bxg2+ 40.
Kxg2 Qb7+ 41. Kg3 Kg7 42. Nf3 Rd8 43. Qe2 Nf7 44. Qxe6 Rd3 45. Qe2 Re3 46. Qc2
g5 47. fxg5 Qc7+ 48. Kg2 Qf4 49. Rxe3 Bxe3 50. h3 Nd6 51. Nh4 Qxg5 52. Qd3 Bc5
53. Nf5+ Nxf5 54. Rxf5 Qe7 55. Rd5 Qe3 56. Rd7+ 1-0

[Event "Open Oberwart  2001"]
[Site "Oberwart (Burgenland/Austria)"]
[Date "2001.07.11"]
[Round "5"]
[White "Freitag, Manfred"]
[Black "Kovacs, Gabor"]
[Result "1-0"]
[WhiteElo "2384"]
[BlackElo "2402"]
[PlyCount "87"]
[EventDate "2001.07.11"]

1. d4 Nf6 2. c4 e6 3. Nf3 b6 4. Nc3 Bb4 5. Qc2 Bb7 6. a3 Bxc3+ 7. Qxc3 O-O 8.
e3 d6 9. b3 Nbd7 10. Bb2 Ne4 11. Qc2 f5 12. Bd3 Qe8 13. O-O-O a5 14. Rhg1 b5
15. cxb5 a4 16. b4 Bd5 17. Kb1 Bb3 18. Qe2 Bxd1 19. Rxd1 Nb6 20. Rc1 Nd5 21.
Ne1 Nef6 22. f3 Qh5 23. g3 Ra7 24. Rc2 Nb6 25. Qg2 g5 26. h3 Qf7 27. g4 f4 28.
e4 h5 29. gxh5 Qxh5 30. h4 { } 30... Rf7 31. Qxg5+ Qxg5 32. hxg5 Nfd7 33. e5
Kf8 34. g6 Rg7 35. Ng2 Nd5 36. Be4 N7b6 37. Bc1 Ke7 38. Nxf4 Nxf4 39. Bxf4 d5
40. Bg5+ Kd7 41. Bf6 dxe4 42. Bxg7 e3 43. Bf8 Ke8 44. Bc5 1-0

[Event "Open Oberwart  2001"]
[Site "Oberwart (Burgenland/Austria)"]
[Date "2001.07.11"]
[Round "5"]
[White "Danner, Georg"]
[Black "Petrovic, Silvije"]
[Result "1-0"]
[WhiteElo "2421"]
[BlackElo "2175"]
[PlyCount "53"]
[EventDate "2001.07.11"]

1. d4 Nf6 2. c4 g6 3. Nc3 Bg7 4. e4 d6 5. Nf3 O-O 6. Be2 c5 7. d5 e6 8. O-O Re8
9. Bd3 Na6 10. h3 Nc7 11. a4 Rb8 12. Bg5 h6 13. Bh4 b6 14. e5 dxe5 15. Nxe5 Bb7
16. Nc6 Bxc6 17. dxc6 e5 18. Qf3 Ne6 19. Bxf6 Bxf6 20. Nb5 Bg7 21. Rfd1 Qe7 22.
Be4 { } 22... a6 23. Rd7 Qf6 24. Qxf6 Bxf6 25. c7 axb5 26. cxb8=Q Rxb8 27. axb5
1-0

[Event "Open Oberwart  2001"]
[Site "Oberwart (Burgenland/Austria)"]
[Date "2001.07.11"]
[Round "5"]
[White "Wallner, Joachim"]
[Black "Halser, Walter"]
[Result "1-0"]
[WhiteElo "2369"]
[BlackElo "2119"]
[PlyCount "67"]
[EventDate "2001.07.11"]

1. e4 e5 2. Nf3 Nc6 3. Bb5 f5 4. Nc3 Nf6 5. d3 Bc5 6. exf5 O-O 7. O-O Nd4 8.
Nxe5 c6 9. Ba4 d6 10. Nf3 Bxf5 11. Nxd4 Bxd4 12. Ne4 Qd7 13. c3 Bg4 14. Qc2 Bb6
15. Bg5 Nxe4 16. dxe4 h6 17. Bh4 Rae8 18. Kh1 g5 19. Bg3 h5 20. Qd2 Qg7 21. f3
Be6 22. Bxd6 Rf7 23. f4 Bc4 24. Bb3 Bxb3 25. axb3 Rxe4 26. fxg5 Rd7 27. Rf6 Re3
28. Qc2 Qh7 29. Rg6+ Rg7 30. Rxg7+ Kxg7 31. Qf2 Qg6 32. Qf8+ Kh7 33. Rf1 Qg7
34. g6+ { } 1-0

[Event "Open Oberwart  2001"]
[Site "Oberwart (Burgenland/Austria)"]
[Date "2001.07.11"]
[Round "5"]
[White "Seifert, Milan"]
[Black "Kiss, Attila"]
[Result "0-1"]
[WhiteElo "2200"]
[BlackElo "2361"]
[PlyCount "80"]
[EventDate "2001.07.11"]

1. e4 d5 2. exd5 Nf6 3. d4 Nxd5 4. Nf3 g6 5. c4 Nb6 6. Nc3 Bg7 7. Be3 O-O 8.
Qd2 Nc6 9. d5 Ne5 10. Nxe5 Bxe5 11. Be2 e6 12. Rd1 exd5 13. cxd5 Bf5 14. O-O
Qh4 15. f4 Bd6 16. g3 Qe7 17. Rfe1 Rad8 18. Bf2 Bc5 19. Bf3 Bxf2+ 20. Qxf2 Qd7
21. Qc5 Rfe8 22. Rxe8+ Rxe8 23. d6 c6 24. Rd2 h5 25. Qd4 Re6 26. Na4 Nxa4 27.
Qxa4 Rxd6 28. Rxd6 Qxd6 29. Qxa7 c5 30. Qa4 Kg7 31. Qc4 b5 32. Qd5 Qe7 33. Kf2
Be6 34. Qe5+ f6 35. Qe3 Qd6 36. a3 Kf7 37. h4 Kg7 38. Qc3 Bc4 39. Qe3 Bd3 40.
Qe8 40... Qd4+ { } 0-1

[Event "Open Oberwart  2001"]
[Site "Oberwart (Burgenland/Austria)"]
[Date "2001.07.11"]
[Round "5"]
[White "Wittmann, Walter"]
[Black "Galavics, Hermann"]
[Result "1-0"]
[WhiteElo "2352"]
[BlackElo "2116"]
[PlyCount "135"]
[EventDate "2001.07.11"]

1. e4 e6 2. d4 d5 3. Nc3 dxe4 4. Nxe4 Nd7 5. g3 Ngf6 6. Nxf6+ Qxf6 7. Bg2 Bd6
8. Nf3 O-O 9. O-O e5 10. Bg5 Qf5 11. Be3 exd4 12. Nxd4 Qf6 13. Nb5 Be5 14. c3
a6 15. Na3 Nb6 16. Qe2 Rb8 17. Rfe1 Bd6 18. Nc2 Bf5 19. Bxb6 cxb6 20. Ne3 Be6
21. Nd5 Bxd5 22. Bxd5 a5 23. Rad1 Bc5 24. Rd3 Rbd8 25. Rf3 Qg5 26. c4 Rd7 27.
h4 Qh6 28. Qd3 Qg6 29. Re4 { } 29... Re7 30. Rxe7 Bxe7 31. Be4 Qd6 32. Bxh7+
Kh8 33. Qxd6 Bxd6 34. Be4 Re8 35. Bxb7 f6 36. Rd3 Bc5 37. Kf1 Kh7 38. Bc6 Re7
39. g4 Re6 40. Bd5 Re5 41. f3 Kh6 42. Be4 g6 43. Rd5 Re7 44. a3 Re6 45. h5 gxh5
46. Rxh5+ Kg7 47. Rh7+ Kg8 48. Rd7 Re7 49. Rd5 Kf7 50. Ke2 Re6 51. Rh5 Ke7 52.
Kd3 Kd6 53. Rd5+ Ke7 54. Kc3 Rd6 55. Rh5 Bd4+ 56. Kc2 Bc5 57. Bd5 Rd8 58. Kc3
Re8 59. b4 axb4+ 60. axb4 Bf2 61. Kb3 Kd6 62. Be4 Rf8 63. Ka4 Rf7 64. Kb5 Kc7
65. Rh8 Rg7 66. Ra8 Rg5+ 67. Bf5 Kb7 68. Rf8 1-0

[Event "Open Oberwart  2001"]
[Site "Oberwart (Burgenland/Austria)"]
[Date "2001.07.11"]
[Round "5"]
[White "Fucak, Emilijo"]
[Black "Steinert, Martin"]
[Result "1-0"]
[WhiteElo "2341"]
[BlackElo "2115"]
[PlyCount "129"]
[EventDate "2001.07.11"]

1. c4 g6 2. g3 Bg7 3. Bg2 d6 4. Nc3 c6 5. d3 Nf6 6. e4 O-O 7. Nge2 e5 8. O-O
Be6 9. h3 Qd7 10. Kh2 d5 11. b3 Na6 12. exd5 cxd5 13. Bg5 d4 14. Na4 Ne8 15. b4
Rc8 16. b5 Nc5 17. Nxc5 Rxc5 18. Bd2 Rc7 19. Bb4 Nd6 20. a4 Rd8 21. a5 Nxc4 22.
b6 axb6 23. axb6 Nxb6 24. Ba5 Nd5 25. Bxc7 Qxc7 26. Ra7 Qb8 27. Qa1 Bf8 28. f4
Bc5 29. Ra5 b6 30. Ra6 Ne3 31. Rf2 Nxg2 32. Rxg2 Bd5 33. Rf2 e4 34. f5 e3 35.
Rf4 Bb7 36. fxg6 hxg6 37. Qa2 Qc7 38. Ra7 b5 39. Rxf7 Qxf7 40. Qxf7+ Kxf7 41.
Rxb7+ Ke6 42. Rxb5 Kd6 43. Kg1 Ra8 44. h4 Ra2 45. Kf1 Ra1+ 46. Kg2 Ra3 47. Nf4
Ra2+ 48. Kg1 Kc6 49. Rb8 Bb6 50. Rg8 Ba5 51. Rxg6+ Kd7 52. Ra6 Ra1+ 53. Kg2
Ra2+ 54. Kh3 Kc7 55. h5 Kb7 56. Re6 Rc2 57. h6 Rc8 58. h7 Rh8 59. Re7+ Kc6 60.
Ng6 Rxh7+ 61. Rxh7 e2 62. Ne5+ Kb5 63. Nf3 e1=Q 64. Nxe1 Bxe1 65. Rc7 {.} 1-0

[Event "Open Oberwart  2001"]
[Site "Oberwart (Burgenland/Austria)"]
[Date "2001.07.11"]
[Round "5"]
[White "Kreindl, Helmut"]
[Black "Jurkovic, Ante"]
[Result "1-0"]
[WhiteElo "2169"]
[BlackElo "2308"]
[Annotator "FRITZ 6"]
[PlyCount "167"]
[EventDate "2001.07.11"]

1. Nf3 Nf6 2. d4 g6 3. Bg5 Bg7 4. c3 O-O 5. Nbd2 d6 6. e3 c5 7. Bc4 cxd4 8.
exd4 Nc6 9. O-O h6 10. Bxf6 Bxf6 11. Ne4 Bg7 12. Bb3 e5 13. dxe5 dxe5 14. Nd6
Bg4 15. Bd5 Qe7 16. Ne4 Rad8 17. Qb3 Kh7 18. Rfe1 f5 19. Ng3 Qc5 20. Bf7 Bxf3
21. gxf3 Rd6 22. Qc4 Qb6 23. Rad1 Qd8 24. Rxd6 Qxd6 25. Qe6 Qxe6 26. Bxe6 Rd8
27. Re2 h5 28. Kg2 b5 29. Nf1 Bh6 30. Rc2 Rd3 31. Ne3 Nd8 32. Bc8 Rd6 33. b3 a6
34. c4 Bxe3 35. fxe3 Rc6 36. Bxa6 Rxa6 37. cxb5 Rb6 38. a4 Kg7 39. Rc5 Kf6 40.
a5 Rd6 41. a6 Rd2+ 42. Kf1 Ne6 43. Rc4 { } 43... Ng5 44. a7 Nxf3 45. a8=Q e4
46. Qb8 h4 47. Rc1 Nxh2+ 48. Qxh2 (48. Kg1 Nf3+ 49. Kh1 $18) 48... Rxh2 49. b6
Rh1+ 50. Kg2 Rxc1 51. b7 Rc2+ 52. Kh3 Rc3 53. b8=Q Rxe3+ 54. Kh2 Kg5 55. Qd8+
Kg4 56. Qd1+ Kf4 57. Qd2 h3 58. Kg1 h2+ 59. Kxh2 Kf3 60. Qg2+ Kf4 61. Qd2 Kf3
62. Kg1 Rd3 63. Qf2+ Kg4 64. Qb2 f4 65. Qe2+ Kf5 66. b4 f3 67. Qc2 Rd5 68. Kf2
g5 69. Qc8+ Kf4 70. Qc1+ Kf5 71. Kg3 Re5 72. Qc8+ Re6 73. Qc5+ Re5 74. Qe3 Rd5
75. Qb3 Rd2 76. Qf7+ Ke5 77. Qe7+ Kf5 78. Qf7+ Ke5 79. b5 Rg2+ 80. Kh3 g4+ 81.
Kh4 f2 82. b6 f1=Q 83. Qxf1 Rb2 84. Qa1 1-0

[Event "Open Oberwart  2001"]
[Site "Oberwart (Burgenland/Austria)"]
[Date "2001.07.11"]
[Round "5"]
[White "Winiwarter, Felix"]
[Black "Csonka, Attila"]
[Result "1-0"]
[WhiteElo "2141"]
[BlackElo "2300"]
[PlyCount "115"]
[EventDate "2001.07.11"]

1. e4 c6 2. d4 d5 3. exd5 cxd5 4. c4 Nf6 5. Nc3 Nc6 6. h3 Bf5 7. Nf3 e6 8. c5
Be7 9. Bb5 O-O 10. Bxc6 bxc6 11. O-O Qc7 12. Bg5 Rab8 13. Qd2 Qb7 14. Ne5 Rfc8
15. b3 Bd8 16. Qe3 Nd7 17. Bxd8 Rxd8 18. g4 Bg6 19. f4 Nxe5 20. Qxe5 Re8 21.
Rae1 f6 22. Qe3 Qb4 23. Na4 Rb7 24. Re2 Rbe7 25. Rfe1 e5 26. Qc3 Qxc3 27. Nxc3
e4 28. Kf2 Rb7 29. Ke3 f5 30. g5 Kf7 31. h4 Bh5 32. Rb2 Bf3 33. Nb1 Rh8 34. Nd2
Bg4 35. Rh1 h6 36. Rbb1 Rbb8 37. a3 a5 38. b4 axb4 39. axb4 hxg5 40. fxg5 Kg6
41. Kf4 Rb5 42. Rb3 Ra8 43. Rhb1 Be2 44. Nf1 Bd3 45. Re1 Ra2 46. Ne3 Rf2+ 47.
Ke5 Rb8 48. Kd6 Bb5 49. Rh1 Kh5 50. Rg1 Rf3 51. g6 Rxe3 52. Rxe3 f4 53. Ra3 f3
54. Rg5+ Kh6 55. Rf5 Kxg6 56. Rf4 Rb7 57. Ra8 Rf7 58. h5+ { } 1-0

[Event "Open Oberwart  2001"]
[Site "Oberwart (Burgenland/Austria)"]
[Date "2001.07.11"]
[Round "5"]
[White "Herbst, Daniel"]
[Black "Sulyok, Michael"]
[Result "1/2-1/2"]
[WhiteElo "2118"]
[BlackElo "2278"]
[PlyCount "82"]
[EventDate "2001.07.11"]

1. g3 g6 2. Bg2 Bg7 3. e4 d6 4. d4 Nf6 5. h3 O-O 6. Ne2 Nbd7 7. Be3 c5 8. c3
Qc7 9. O-O Rb8 10. Nd2 b6 11. Re1 Bb7 12. f4 e5 13. Rc1 Bh6 14. g4 exf4 15.
Bxf4 Bxf4 16. Nxf4 h6 17. Nf1 Rfe8 18. Ng3 Re7 19. Nd3 Rbe8 20. Nf2 Nf8 21. Qd2
Kg7 22. h4 N6h7 23. Bf3 Qd8 24. Kg2 Rc7 25. Rh1 cxd4 26. cxd4 Rxc1 27. Qxc1 Qf6
28. Qd2 Ne6 29. Ne2 Ba6 30. d5 Bxe2 31. Bxe2 Nc5 32. Bf3 Nd7 33. Kg3 Ne5 34.
Be2 Rc8 35. Rc1 Rxc1 36. Qxc1 Qe7 37. a3 Nf8 38. Bb5 Nh7 39. Qc8 Nf6 40. b3 Kh7
41. b4 41... Kg7 {.} 1/2-1/2